000 00465nam a22001817a 4500
005 20260204152054.0
008 260204b |||||||| |||| 00| 0 eng d
020 _a978-93-47806-17-9
082 _a054
100 _aSuresh Nambath [Ed.]
245 _aThe Hindu Year Book 2026
_cSuresh Nambath [Ed.]
250 _a1st
260 _aChennai
_bTHG Publishing Pvt.Ltd
_c2026
500 _aReference
650 _vGeneral
_xGeneral
942 _cBK
999 _c249443
_d249443